[Event "Titled Tuesday intern op 13th Feb Early"]
[Site "Chess.com INT"]
[Date "2024.02.13"]
[Round "6"]
[White "Da Silva, Giovanni B Tavares"]
[Black "Sahin, Sarp"]
[Result "1-0"]
[WhiteElo "2016"]
[BlackElo "2115"]
[PlyCount "84"]
[EventDate "2024.02.13"]
[EventType "swiss (blitz)"]
[EventRounds "11"]
[EventCountry "USA"]
[SourceTitle "CB08_2024"]
[SourceDate "2024.02.21"]
[SourceVersion "1"]
[SourceVersionDate "2024.02.21"]
[SourceQuality "1"]

1. e4 e6 2. d4 d5 3. Nd2 dxe4 4. Nxe4 Nf6 5. Bg5 Be7 6. Bxf6 Bxf6 7. Nf3 0-0 8. c3 b6 9. Bd3 Bb7 10. 0-0 Nd7 11. Qe2 Rc8 12. Rad1 a5 13. Rfe1 Qe7 14. a3 Rfd8 15. c4 Nf8 16. Nxf6+ Qxf6 17. Be4 Bxe4 18. Qxe4 Nd7 19. Ne5 Nxe5 20. dxe5 Qe7 21. Qc6 h6 22. g3 Kf8 23. Kg2 g6 24. h4 h5 25. f3 Kg7 26. Qe4 c5 27. Qf4 Kg8 28. Kh3 Rd7 29. Rd6 Rxd6 30. exd6 Qd7 31. Qe5 Rf8 32. g4 hxg4+ 33. fxg4 f5 34. Qxe6+ Qxe6 35. Rxe6 fxg4+ 36. Kxg4 Rd8 37. Rxg6+ Kf7 38. h5 Rd7 39. Kf5 b5 40. h6 Kf8 41. Ke6 Rh7 42. d7 Rxd7 1-0

[Event "Titled Tuesday intern op 13th Feb Early"]
[Site "Chess.com INT"]
[Date "2024.02.13"]
[Round "10"]
[White "Sahin, Sarp"]
[Black "Acikel, Mert"]
[Result "1-0"]
[WhiteElo "2115"]
[BlackElo "2241"]
[PlyCount "109"]
[EventDate "2024.02.13"]
[EventType "swiss (blitz)"]
[EventRounds "11"]
[EventCountry "USA"]
[SourceTitle "CB08_2024"]
[SourceDate "2024.02.21"]
[SourceVersion "1"]
[SourceVersionDate "2024.02.21"]
[SourceQuality "1"]

1. d4 d5 2. Bf4 Nf6 3. e3 e6 4. Nf3 Bd6 5. Bg3 c5 6. c3 Qc7 7. Nbd2 Nbd7 8. Bd3 0-0 9. 0-0 Bxg3 10. hxg3 e5 11. dxe5 Nxe5 12. Nxe5 Qxe5 13. Nf3 Qh5 14. Nh2 Bg4 15. f3 Be6 16. g4 Qe5 17. Qd2 Bd7 18. Rae1 Rfe8 19. Rf2 Rad8 20. Nf1 a6 21. f4 Qc7 22. g5 Ne4 23. Bxe4 dxe4 24. Qc2 Bg4 25. Ng3 b5 26. Nxe4 Qc6 27. Ng3 Qd6 28. Kh2 Re7 29. e4 Bc8 30. Rh1 Red7 31. Nf5 Qe6 32. e5 Bb7 33. Nd6 Bd5 34. Kg1 Bxa2 35. Qxh7+ Kf8 36. Qh8+ Ke7 37. Qxg7 Rxd6 38. exd6+ Rxd6 39. Qe5 Qxe5 40. fxe5 Re6 41. Re2 Bb1 42. Kf2 Bd3 43. Re3 Bc2 44. Rh6 a5 45. Rxe6+ Kxe6 46. g4 a4 47. Kg3 Bb3 48. Kf4 Bc2 49. Re2 Bg6 50. Rd2 b4 51. cxb4 cxb4 52. Rd4 a3 53. bxa3 b3 54. Rb4 Bc2 55. a4 1-0

[Event "Titled Tuesday intern op 09th Jan Early"]
[Site "Chess.com INT"]
[Date "2024.01.09"]
[Round "8"]
[White "Sahin, Sarp"]
[Black "Bilciu, Claudia"]
[Result "1-0"]
[WhiteElo "2067"]
[BlackElo "2077"]
[PlyCount "65"]
[EventDate "2024.01.09"]
[EventType "swiss (blitz)"]
[EventRounds "11"]
[EventCountry "USA"]
[SourceTitle "CB03_2024"]
[SourceDate "2024.01.17"]
[SourceVersion "1"]
[SourceVersionDate "2024.01.17"]
[SourceQuality "1"]

1. e4 c5 2. Nf3 Nc6 3. d4 cxd4 4. Nxd4 Nf6 5. Nc3 d6 6. Bg5 e6 7. Qd2 a6 8. 0-0-0 Bd7 9. f4 b5 10. Bxf6 gxf6 11. Nxc6 Bxc6 12. f5 h5 13. Kb1 Qb6 14. fxe6 fxe6 15. Bd3 0-0-0 16. Rhf1 Be7 17. Qe2 Kb8 18. a3 Rc8 19. h3 Bb7 20. Na2 Qc5 21. Qd2 d5 22. exd5 Bxd5 23. Nb4 Bb7 24. Be4 Rhd8 25. Bxb7 Rxd2 26. Nxa6+ Ka7 27. Nxc5 Rxd1+ 28. Rxd1 Rxc5 29. Rd7 Bf8 30. Bf3+ Kb8 31. b4 Re5 32. Rd8+ Kc7 33. Rxf8 1-0

[Event "Titled Tuesday intern op 19th Dec Early"]
[Site "Chess.com INT"]
[Date "2023.12.19"]
[Round "1"]
[White "Garcia Ramos, Daniel"]
[Black "Sahin, Sarp"]
[Result "1-0"]
[WhiteElo "2448"]
[BlackElo "2067"]
[PlyCount "57"]
[EventDate "2023.12.19"]
[EventType "swiss (blitz)"]
[EventRounds "11"]
[EventCountry "USA"]
[SourceTitle "CB52_2023"]
[SourceDate "2023.12.27"]
[SourceVersion "1"]
[SourceVersionDate "2023.12.27"]
[SourceQuality "1"]

1. e4 c6 2. d4 d5 3. e5 Bf5 4. Nf3 e6 5. Be2 c5 6. Be3 cxd4 7. Nxd4 Ne7 8. c4 Nbc6 9. cxd5 Nxd5 10. Nxf5 exf5 11. Bd2 Nxe5 12. 0-0 Be7 13. Bb5+ Nc6 14. Qc2 Qd7 15. Nc3 0-0 16. Rad1 Nxc3 17. Bxc3 Qc7 18. Qxf5 a6 19. Rd7 Qc8 20. Bxc6 bxc6 21. Qg4 f6 22. Qc4+ Kh8 23. Rxe7 Qf5 24. Rfe1 Rad8 25. h3 Qc2 26. Rxg7 Rd1 27. Rge7 Rd2 28. Qf4 Qg6 29. Bxd2 1-0

[Event "Titled Tuesday intern op 12th Dec Early"]
[Site "Chess.com INT"]
[Date "2023.12.12"]
[Round "5"]
[White "Manukian, Artak"]
[Black "Sahin, Sarp"]
[Result "1-0"]
[WhiteElo "2196"]
[BlackElo "2067"]
[PlyCount "91"]
[EventDate "2023.12.12"]
[EventType "swiss (blitz)"]
[EventRounds "11"]
[EventCountry "USA"]
[SourceTitle "CB51_2023"]
[SourceDate "2023.12.20"]
[SourceVersion "1"]
[SourceVersionDate "2023.12.20"]
[SourceQuality "1"]

1. e4 c5 2. Nf3 e6 3. c3 d5 4. e5 d4 5. cxd4 cxd4 6. Bb5+ Nc6 7. Bxc6+ bxc6 8. Qa4 Ne7 9. Qxd4 Nd5 10. Nc3 Be7 11. 0-0 0-0 12. Qg4 Rb8 13. d4 Kh8 14. h4 c5 15. dxc5 Bxc5 16. Ne4 Be7 17. Qh5 Qe8 18. Nd6 Bxd6 19. exd6 Ba6 20. Re1 Rd8 21. Ng5 Nf6 22. Qd1 Qc6 23. Bf4 Kg8 24. Rc1 Qb5 25. Re5 Qxb2 26. Ra5 Be2 27. Qc2 Qb4 28. Ra4 Qb5 29. Rxa7 h6 30. Ne4 Nd5 31. Nc3 Nxc3 32. Qxc3 Qb6 33. Qc7 Qb2 34. Be3 Qf6 35. Qe7 Qf5 36. d7 Qd3 37. Bc5 Qd2 38. Ba3 Rb8 39. Rac7 Rfd8 40. Rc8 Rbxc8 41. dxc8Q Rxc8 42. Rxc8+ Kh7 43. Qb4 Qd1+ 44. Kh2 Bd3 45. Qf4 Bf5 46. Bb2 1-0

[Event "Titled Tuesday intern op 12th Dec Early"]
[Site "Chess.com INT"]
[Date "2023.12.12"]
[Round "3"]
[White "Sahin, Sarp"]
[Black "Sahib, Singh"]
[Result "1-0"]
[WhiteElo "2067"]
[BlackElo "2338"]
[PlyCount "53"]
[EventDate "2023.12.12"]
[EventType "swiss (blitz)"]
[EventRounds "11"]
[EventCountry "USA"]
[SourceTitle "CB51_2023"]
[SourceDate "2023.12.20"]
[SourceVersion "1"]
[SourceVersionDate "2023.12.20"]
[SourceQuality "1"]

1. d4 d5 2. Bf4 Nf6 3. e3 e6 4. Nf3 c5 5. c3 Nc6 6. Nbd2 cxd4 7. exd4 Nh5 8. Bg5 f6 9. Bh4 g6 10. Bd3 Bd6 11. Bg3 Nxg3 12. hxg3 Kf7 13. Qb3 a6 14. 0-0-0 b5 15. Rde1 Bd7 16. Nh4 Na5 17. Qc2 Rg8 18. Nxg6 hxg6 19. Rh7+ Kf8 20. Bxg6 Be8 21. Bxe8 Qxe8 22. Reh1 Rc8 23. Rh8 Rc7 24. R1h6 Qf7 25. Nf3 f5 26. Ng5 Qe7 27. Nxe6+ 1-0

[Event "Mersin op 7th"]
[Site "Mersin"]
[Date "2023.11.15"]
[Round "6"]
[White "Sahin, Sarp"]
[Black "Selbes, Tarik"]
[Result "1/2-1/2"]
[WhiteElo "2024"]
[BlackElo "2238"]
[PlyCount "82"]
[EventDate "2023.11.12"]
[EventType "swiss"]
[EventRounds "9"]
[EventCountry "TUR"]
[SourceTitle "CB47_2023"]
[SourceDate "2023.11.22"]
[SourceVersion "1"]
[SourceVersionDate "2023.11.22"]
[SourceQuality "1"]

1. e4 e5 2. Nf3 Nc6 3. Bb5 a6 4. Ba4 d6 5. 0-0 Bd7 6. c4 g6 7. d4 exd4 8. Nxd4 Bg7 9. Be3 Nf6 10. Nc3 0-0 11. Nxc6 bxc6 12. c5 d5 13. Bg5 Qb8 14. Bxf6 Bxf6 15. Nxd5 cxd5 16. Bxd7 Qxb2 17. Qxd5 Qxa1 18. Rxa1 Bxa1 19. e5 Rab8 20. g3 Rb4 21. Qg2 Rd4 22. Qc6 Rd2 23. Qxc7 Bd4 24. c6 Rxf2 25. Kh1 Re2 26. Qb7 Rb2 27. Qxb2 Bxb2 28. c7 Bxe5 29. c8Q Rxc8 30. Bxc8 a5 31. a4 f5 32. Kg2 Kg7 33. Kf3 Kf6 34. h4 Kg7 35. h5 Kh6 36. hxg6 hxg6 37. g4 f4 38. Be6 Kg7 39. Bc4 Kf6 40. Bd3 g5 41. Be4 Ke7 1/2-1/2

[Event "Mersin op 7th"]
[Site "Mersin"]
[Date "2023.11.14"]
[Round "4"]
[White "Ipek, Egehan"]
[Black "Sahin, Sarp"]
[Result "0-1"]
[WhiteElo "2240"]
[BlackElo "2024"]
[PlyCount "170"]
[EventDate "2023.11.12"]
[EventType "swiss"]
[EventRounds "9"]
[EventCountry "TUR"]
[SourceTitle "CB47_2023"]
[SourceDate "2023.11.22"]
[SourceVersion "1"]
[SourceVersionDate "2023.11.22"]
[SourceQuality "1"]

1. Nf3 Nf6 2. d4 e6 3. Bg5 c5 4. e3 Nc6 5. Nbd2 d5 6. c3 Be7 7. Bd3 0-0 8. 0-0 b6 9. Ne5 Nxe5 10. dxe5 Nd7 11. Bf4 f5 12. exf6 Nxf6 13. Nf3 Bb7 14. Ng5 Qd7 15. Bb1 h6 16. Nf3 Bd6 17. Ne5 Qc7 18. Ng6 Rfe8 19. Bxd6 Qxd6 20. e4 e5 21. Re1 Qc7 22. exd5 Bxd5 23. Qe2 e4 24. Qe3 Rad8 25. Bc2 Bf7 26. Nf4 Qc6 27. h3 Qc7 28. a4 a6 29. Rad1 b5 30. Ne2 Qc6 31. Rxd8 Rxd8 32. Ng3 bxa4 33. Nf5 Qc7 34. Bxa4 Rd3 35. Qc1 Bg6 36. Ne3 Rd8 37. Rd1 Rb8 38. c4 Qa5 39. Bc2 Bh5 40. Rd6 Bf7 41. Nf5 Rb6 42. Rd8+ Kh7 43. Rf8 Bg6 44. Ne7 Re6 45. Nxg6 Kxg6 46. f3 Qc7 47. fxe4 Qe5 48. Qd2 Kh7 49. Kh1 Re7 50. Qf2 Rd7 51. Ra8 Rd4 52. b3 Rd6 53. Rc8 Rd4 54. Rc6 Nh5 55. Qf5+ Qxf5 56. exf5 Rd2 57. f6+ Rxc2 58. f7 Rf2 59. Rxc5 Ng3+ 60. Kh2 Nf1+ 61. Kg1 Rxf7 62. Rd5 Ne3 63. Rd6 a5 64. Re6 Nc2 65. Re5 Nd4 66. Rxa5 Nxb3 67. Ra3 Nd2 68. Rc3 Rc7 69. c5 Ne4 70. Re3 Nxc5 71. Kh2 Rf7 72. Re5 Nd7 73. Re3 Nf6 74. Ra3 Rd7 75. Ra2 Rd3 76. Re2 Nd5 77. Rf2 Re3 78. Rd2 Nf4 79. Rd4 g5 80. Rd7+ Kg6 81. Rd6+ Re6 82. Rd2 Re2 83. Rd6+ Kh5 84. h4 Rxg2+ 85. Kh1 Rc2 0-1

[Event "Ankara Baskent Univ op 6th"]
[Site "Ankara"]
[Date "2023.08.18"]
[Round "6"]
[White "Yilmaz, Kerem Tuna"]
[Black "Sahin, Sarp"]
[Result "1-0"]
[WhiteElo "1982"]
[BlackElo "2203"]
[PlyCount "98"]
[EventDate "2023.08.15"]
[EventType "swiss"]
[EventRounds "9"]
[EventCountry "TUR"]
[SourceTitle "CBM 215 Extra"]
[Source "ChessBase"]
[SourceDate "2023.09.30"]
[SourceVersion "1"]
[SourceVersionDate "2023.09.30"]
[SourceQuality "1"]

1. e4 c6 2. d4 d5 3. e5 Bf5 4. h4 h5 5. Bd3 Bxd3 6. Qxd3 Qa5+ 7. Nd2 e6 8. Ngf3 Nh6 9. 0-0 Nf5 10. Nb3 Qb5 11. Qd1 c5 12. a4 Qb6 13. dxc5 Bxc5 14. Nxc5 Qxc5 15. b3 Nc6 16. c4 dxc4 17. Ba3 Qb6 18. bxc4 Nce7 19. Ng5 Rd8 20. Qf3 Qc6 21. Rab1 Qxf3 22. Nxf3 Rd7 23. Rfd1 Rxd1+ 24. Rxd1 Nc6 25. Rb1 Nd8 26. a5 a6 27. g3 f6 28. exf6 gxf6 29. Nd2 Rh7 30. Ne4 Rf7 31. f3 Kd7 32. Rd1+ Kc7 33. Bc5 Nc6 34. Bb6+ Kb8 35. Kf2 e5 36. Rd5 Ng7 37. Nc5 Kc8 38. g4 hxg4 39. fxg4 f5 40. g5 e4 41. g6 Re7 42. h5 e3+ 43. Ke1 Re8 44. h6 Nh5 45. Nd3 e2 46. Rxf5 Ng3 47. Rf3 Nf1 48. h7 Nd2 49. Kxd2 Nb4 1-0

[Event "Arandjelovac op 2nd"]
[Site "Arandjelovac"]
[Date "2023.08.04"]
[Round "7"]
[White "Mihov, Filip"]
[Black "Sahin, Sarp"]
[Result "1-0"]
[WhiteElo "2286"]
[BlackElo "2203"]
[PlyCount "129"]
[EventDate "2023.07.31"]
[EventType "swiss"]
[EventRounds "9"]
[EventCountry "SRB"]
[SourceTitle "CBM 215 Extra"]
[Source "ChessBase"]
[SourceDate "2023.09.30"]
[SourceVersion "1"]
[SourceVersionDate "2023.09.30"]
[SourceQuality "1"]

1. d4 Nf6 2. c4 e6 3. Nc3 Bb4 4. e3 0-0 5. Bd3 d5 6. cxd5 exd5 7. Nge2 c6 8. 0-0 Re8 9. f3 b6 10. a3 Bxc3 11. bxc3 Ba6 12. Bb1 c5 13. Re1 Nc6 14. Ng3 Qc7 15. Ra2 Rac8 16. Rf2 Rcd8 17. Bb2 Qd7 18. Bf5 Qd6 19. Bc2 Qd7 20. Nf5 g6 21. Nh6+ Kg7 22. Ng4 Nxg4 23. fxg4 Kg8 24. Qf3 Na5 25. Bc1 cxd4 26. cxd4 Nc4 27. h3 Qe7 28. e4 dxe4 29. Rxe4 Qc7 30. Bf4 Qd7 31. Bh6 Rxe4 32. Bxe4 Qe7 33. Bd5 Nd6 34. Qf4 Re8 35. Bg5 Qc7 36. Rf3 Re1+ 37. Kh2 Re2 38. Bf6 Qc2 39. Rg3 Ne8 40. Be5 Rf2 41. Bxf7+ Kf8 42. Bxg6+ Rxf4 43. Bxc2 Rf7 44. Bb3 Rf2 45. Rf3+ Rxf3 46. gxf3 Ke7 47. Kg3 Bd3 48. Kf4 Nd6 49. Bxd6+ Kxd6 50. Ke3 Bg6 51. f4 h6 52. h4 b5 53. f5 Be8 54. g5 hxg5 55. hxg5 Ke7 56. f6+ Kf8 57. Bc2 Bc6 58. g6 Bd5 59. Kf4 a5 60. Ke5 Bc4 61. d5 b4 62. axb4 axb4 63. d6 Ke8 64. Ba4+ Kd8 65. f7 1-0

[Event "Arandjelovac op 2nd"]
[Site "Arandjelovac"]
[Date "2023.08.03"]
[Round "6"]
[White "Ivanovic, Milan J"]
[Black "Sahin, Sarp"]
[Result "0-1"]
[WhiteElo "1625"]
[BlackElo "2203"]
[PlyCount "94"]
[EventDate "2023.07.31"]
[EventType "swiss"]
[EventRounds "9"]
[EventCountry "SRB"]
[SourceTitle "CBM 215 Extra"]
[Source "ChessBase"]
[SourceDate "2023.09.30"]
[SourceVersion "1"]
[SourceVersionDate "2023.09.30"]
[SourceQuality "1"]

1. e4 c6 2. d4 d5 3. Nd2 dxe4 4. Nxe4 Nf6 5. Nxf6+ exf6 6. Bc4 Bd6 7. Qe2+ Be7 8. Nf3 0-0 9. 0-0 Bg4 10. c3 Bd6 11. Qd3 Re8 12. Bd2 Qc7 13. h3 Bh5 14. Rfe1 Nd7 15. Nh4 Nf8 16. Nf5 Bg6 17. Qf3 Bxf5 18. Qxf5 Rad8 19. Qg4 c5 20. Rxe8 Rxe8 21. Bb5 Rd8 22. Be3 Qb6 23. a4 a6 24. dxc5 Bxc5 25. Bxc5 Qxc5 26. Be2 Rd2 27. b4 Qxc3 28. Rd1 f5 29. Qf3 Rxd1+ 30. Bxd1 Qxb4 31. Qd5 Qe1+ 32. Kh2 Qxf2 33. Bb3 Qf4+ 34. g3 Qf2+ 35. Kh1 Qf1+ 36. Kh2 Qe2+ 37. Kg1 Qe7 38. Kh2 g6 39. a5 Qc7 40. Kg2 Ne6 41. Bc4 Kf8 42. Kf3 Ke7 43. h4 h5 44. Bb3 Qc3+ 45. Kg2 Qc6 46. Kf3 Nd4+ 47. Kf4 Qc1+ 0-1

[Event "Arandjelovac op 2nd"]
[Site "Arandjelovac"]
[Date "2023.08.03"]
[Round "5"]
[White "Sahin, Sarp"]
[Black "Mijatovic, Dusan"]
[Result "0-1"]
[WhiteElo "2203"]
[BlackElo "2173"]
[PlyCount "82"]
[EventDate "2023.07.31"]
[EventType "swiss"]
[EventRounds "9"]
[EventCountry "SRB"]
[SourceTitle "CBM 215 Extra"]
[Source "ChessBase"]
[SourceDate "2023.09.30"]
[SourceVersion "1"]
[SourceVersionDate "2023.09.30"]
[SourceQuality "1"]

1. e4 c5 2. Nf3 d6 3. d4 cxd4 4. Nxd4 Nf6 5. Nc3 a6 6. Be3 Ng4 7. Bg5 h6 8. Bh4 g5 9. Bg3 Bg7 10. h3 Nf6 11. Qf3 0-0 12. 0-0-0 Nc6 13. Nb3 Qb6 14. Qe2 Be6 15. f4 Rfc8 16. fxg5 hxg5 17. Bf2 Qc7 18. Kb1 b5 19. Qe3 Ne5 20. Bd3 Nc4 21. Bxc4 Qxc4 22. Qd4 b4 23. Qxc4 Rxc4 24. Ne2 Nxe4 25. Be3 Bf5 26. Nd2 Rxc2 27. Kxc2 Nc5+ 28. Kc1 Nd3+ 29. Kc2 b3+ 30. Nxb3 Nxb2+ 31. Kd2 Nc4+ 32. Ke1 Nxe3 33. Rc1 Be4 34. Kf2 Nf5 35. Rhe1 Bd5 36. Rc7 Bf6 37. Rec1 Be6 38. g4 Ng7 39. Ned4 Kh7 40. Nf3 Rf8 41. Rb1 Bd5 0-1

[Event "Arandjelovac op 2nd"]
[Site "Arandjelovac"]
[Date "2023.08.02"]
[Round "4"]
[White "Kuruz, Yusuf"]
[Black "Sahin, Sarp"]
[Result "1/2-1/2"]
[WhiteElo "1870"]
[BlackElo "2203"]
[PlyCount "74"]
[EventDate "2023.07.31"]
[EventType "swiss"]
[EventRounds "9"]
[EventCountry "SRB"]
[SourceTitle "CBM 215 Extra"]
[Source "ChessBase"]
[SourceDate "2023.09.30"]
[SourceVersion "1"]
[SourceVersionDate "2023.09.30"]
[SourceQuality "1"]

1. d4 d5 2. Bf4 c5 3. e3 Nf6 4. Nf3 Nc6 5. Nbd2 e6 6. c3 cxd4 7. exd4 Nh5 8. Be3 Bd6 9. Ne5 g6 10. Be2 Ng7 11. Nd3 Nf5 12. Bf4 Bxf4 13. Nxf4 Bd7 14. Nf3 Nd6 15. Nd3 Ne4 16. Nfe5 Qe7 17. 0-0 0-0 18. f3 Nd6 19. Re1 a5 20. Qd2 Rfd8 21. Qf4 b6 22. Bf1 Qf8 23. g4 b5 24. g5 Nxe5 25. Nxe5 h5 26. gxh6 Nf5 27. Ng4 f6 28. Bd3 g5 29. h7+ Kxh7 30. Qc7 Kg8 31. Bxf5 exf5 32. Nf2 Qf7 33. Re2 Rdc8 34. Qd6 Rc6 35. Qe7 Re8 36. Qxf7+ Kxf7 37. Rxe8 Bxe8 1/2-1/2

[Event "Arandjelovac op 2nd"]
[Site "Arandjelovac"]
[Date "2023.07.31"]
[Round "1"]
[White "Sahin, Sarp"]
[Black "Akhvlediani, Irakli"]
[Result "1/2-1/2"]
[WhiteElo "2203"]
[BlackElo "2390"]
[PlyCount "59"]
[EventDate "2023.07.31"]
[EventType "swiss"]
[EventRounds "9"]
[EventCountry "SRB"]
[SourceTitle "CBM 215 Extra"]
[Source "ChessBase"]
[SourceDate "2023.09.30"]
[SourceVersion "1"]
[SourceVersionDate "2023.09.30"]
[SourceQuality "1"]

1. e4 c5 2. Nf3 Nc6 3. d4 cxd4 4. Nxd4 g6 5. c4 Nf6 6. Nc3 d6 7. Be2 Nxd4 8. Qxd4 Bg7 9. 0-0 0-0 10. Bg5 Be6 11. Qd2 Qa5 12. Rfd1 Rfc8 13. Bxf6 Bxf6 14. Nd5 Qxd2 15. Rxd2 Bg5 16. Rdd1 b5 17. b3 Bxd5 18. Rxd5 Bf6 19. Rad1 b4 20. Ra5 Rc5 21. Ra6 Be5 22. g3 g5 23. Kg2 Kf8 24. a3 bxa3 25. b4 Rc7 26. Rxa3 Rb8 27. b5 e6 28. Ra6 Rb6 29. Ra4 Ke7 30. Rd2 1/2-1/2

[Event "Veliko Gradiste Silver Lake op-A"]
[Site "Veliko Gradiste"]
[Date "2023.06.24"]
[Round "8"]
[White "Soham, Das1111"]
[Black "Sahin, Sarp"]
[Result "1-0"]
[WhiteElo "2390"]
[BlackElo "1921"]
[PlyCount "117"]
[EventDate "2023.06.18"]
[EventType "swiss"]
[EventRounds "9"]
[EventCountry "SRB"]
[SourceTitle "CBM 215 Extra"]
[Source "ChessBase"]
[SourceDate "2023.09.30"]
[SourceVersion "1"]
[SourceVersionDate "2023.09.30"]
[SourceQuality "1"]

1. d4 Nf6 2. Nc3 d5 3. Bf4 c5 4. e4 Nxe4 5. Nxe4 dxe4 6. dxc5 Qxd1+ 7. Rxd1 Nc6 8. Bb5 Bd7 9. Ne2 e5 10. Bxc6 Bxc6 11. Bxe5 Bxc5 12. Bd4 Be7 13. Ng3 f6 14. 0-0 0-0 15. Nf5 Rfe8 16. Rfe1 Bf8 17. Be3 a6 18. Bf4 Rad8 19. Bd6 g6 20. Bxf8 gxf5 21. Bh6 Kf7 22. Bf4 Rg8 23. g3 Rge8 24. c4 h5 25. Kf1 Rh8 26. Ke2 Rhe8 27. Rxd8 Rxd8 28. Rd1 Rc8 29. Rd6 Ke7 30. Ke3 Bd7 31. Kd4 Be6 32. b3 Bd7 33. Kc3 h4 34. Kb4 Rh8 35. Ka5 hxg3 36. Bxg3 Rg8 37. Kb6 Bc6 38. Rd2 Rg4 39. h3 Rg8 40. b4 Rh8 41. b5 axb5 42. cxb5 Bd7 43. a4 Bc8 44. Kc7 f4 45. Bxf4 Bxh3 46. Kxb7 Bg2 47. Kc7 Ra8 48. Rd4 e3 49. fxe3 Ra7+ 50. Kb6 Ra8 51. a5 f5 52. a6 Bf3 53. Kc7 Ra7+ 54. Kc8 Bg4 55. Kb8 Rd7 56. Rxd7+ Kxd7 57. a7 Bf3 58. b6 Ke6 59. b7 1-0